Davis essential nursing content + practice questions Fundamentals : (Record no. 503)

MARC details
000 -LEADER
fixed length control field 02354cam a2200469 i 4500
001 - CONTROL NUMBER
control field 19393279
003 - CONTROL NUMBER IDENTIFIER
control field OSt
005 - DATE AND TIME OF LATEST TRANSACTION
control field 20210220140516.0
008 - FIXED-LENGTH DATA ELEMENTS--GENERAL INFORMATION
fixed length control field 161130t20172017paua b 001 0 eng
010 ## - LIBRARY OF CONGRESS CONTROL NUMBER
LC control number 2016055129
020 ## - INTERNATIONAL STANDARD BOOK NUMBER
International Standard Book Number 9780803660694 (pbk.)
020 ## - INTERNATIONAL STANDARD BOOK NUMBER
International Standard Book Number 0803660693 (pbk.)
035 ## - SYSTEM CONTROL NUMBER
System control number (DNLM)101696787
040 ## - CATALOGING SOURCE
Original cataloging agency DNLM/DLC
Transcribing agency DLC
Description conventions rda
Modifying agency DLC
-- PHNSL
042 ## - AUTHENTICATION CODE
Authentication code pcc
050 10 - LIBRARY OF CONGRESS CALL NUMBER
Classification number RT55
Item number .N764 2017
060 10 - NATIONAL LIBRARY OF MEDICINE CALL NUMBER
Classification number WY 18.2
082 00 - DEWEY DECIMAL CLASSIFICATION NUMBER
Classification number 610.73076
Edition number 23
100 1# - MAIN ENTRY--PERSONAL NAME
Personal name Nugent, Patricia Mary,
Dates associated with a name 1944-
Relator term author.
240 10 - UNIFORM TITLE
Uniform title Fundamentals of nursing
245 10 - TITLE STATEMENT
Title Davis essential nursing content + practice questions Fundamentals :
Name of part/section of a work fundamentals /
Statement of responsibility, etc. Patricia M. Nugent and Barbara A. Vitale,
246 1# - VARYING FORM OF TITLE
Title proper/short title Davis essential nursing content plus practice questions.
Name of part/section of a work Fundamentals
246 1# - VARYING FORM OF TITLE
Title proper/short title Fundamentals
250 ## - EDITION STATEMENT
Edition statement Second ed.
260 ## - PUBLICATION, DISTRIBUTION, ETC.
Place of publication, distribution, etc. Philadelphia, PA :
Name of publisher, distributor, etc. F.A. Davis Company,
Date of publication, distribution, etc. 2017.
300 ## - PHYSICAL DESCRIPTION
Extent xxiv, 923 pages :
Other physical details color illustrations ;
Dimensions 28 cm
336 ## - CONTENT TYPE
Content type term text
Source rdacontent
337 ## - MEDIA TYPE
Media type term unmediated
Source rdamedia
338 ## - CARRIER TYPE
Carrier type term volume
Source rdacarrier
500 ## - GENERAL NOTE
General note Preceded by Fundamentals of nursing : content review plus practice questions / Patricia M. Nugent, Barbara A. Vitale. [2014].
504 ## - BIBLIOGRAPHY, ETC. NOTE
Bibliography, etc. note Includes bibliographical references and index.
505 0# - FORMATTED CONTENTS NOTE
Formatted contents note Safety -- Communication, collaboration, and documentation -- Legal and ethical issues -- Health care system -- Leadership and management -- Critical thinking and the nursing process -- Evidenced-based practice -- Teaching/learning -- Medication -- Development across the life span -- Diversity and spirituality/religion -- Psychosocial health -- Grief and loss -- Physical assessment -- Pain, comfort, rest, and sleep -- Inflammation, infection, immunity, and wound care -- Mobility -- Tissue integrity and hygiene -- Oxygenation -- Nutrition -- Fluid, electrolyte, and acid-base balance -- Urinary elimination -- Bowel elimination -- Perioperative.
650 #0 - SUBJECT ADDED ENTRY--TOPICAL TERM
Topical term or geographic name entry element Nursing
Form subdivision Examinations, questions, etc.
650 #0 - SUBJECT ADDED ENTRY--TOPICAL TERM
Topical term or geographic name entry element Nursing
Form subdivision Outlines, syllabi, etc.
650 12 - SUBJECT ADDED ENTRY--TOPICAL TERM
Topical term or geographic name entry element Nursing Care
655 #2 - INDEX TERM--GENRE/FORM
Genre/form data or focus term Outlines
655 #2 - INDEX TERM--GENRE/FORM
Genre/form data or focus term Examination Questions
700 1# - ADDED ENTRY--PERSONAL NAME
Personal name Vitale, Barbara Ann,
Dates associated with a name 1944-
Relator term author.
906 ## - LOCAL DATA ELEMENT F, LDF (RLIN)
a 7
b cbc
c orignew
d 1
e ecip
f 20
g y-gencatlg
942 ## - ADDED ENTRY ELEMENTS (KOHA)
Source of classification or shelving scheme Library of Congress Classification
Koha item type Books
Holdings
Withdrawn status Lost status Source of classification or shelving scheme Damaged status Not for loan Home library Current library Shelving location Date acquired Total Checkouts Full call number Barcode Date last seen Copy number Price effective from Koha item type Public note
    Library of Congress Classification     Public Health Nurses School Public Health Nurses School General Stacks 02/20/2021   RT55.N89 00996 02/20/2021 c.1 02/20/2021 Books soa 20/02/21
Copyright © 2025 PHNS Library. All Rights Reserved.